| 000 | 00645cam a2200205Ia 4500 | ||
|---|---|---|---|
| 020 | _a0851989594 | ||
| 040 | _cUKM | ||
| 082 | 0 | 4 | _a633 CAB 1995 A047 Or. |
| 245 | 0 | 0 | _aModeling the impact of climate change on rice production in Asia / |
| 260 |
_aWallingford : _bCAB International in association with the International Rice Research Institute, _cc1995 |
||
| 300 |
_axvi, 289 p. : _bill., maps ; _c25 cm |
||
| 650 | 0 | _aRice | |
| 650 | 0 | _aRice | |
| 650 | 0 | _aClimatic changes | |
| 650 | 0 | _aClimatic changes | |
| 700 | 1 | _aMatthews, Robin B | |
| 710 | 2 | _aC.A.B. International | |
| 710 | 2 | _aInternational Rice Research Institute | |
| 942 | _cEK | ||
| 999 |
_c13556 _d13556 |
||